Republic of Madagascar : Second Review Under the Extended Credit Facility Arrangement and Request for Modification of Performance Criteria-Press Release; and Staff Report.

This paper discusses Madagascar's Second Review Under the Extended Credit Facility (ECF) Arrangement and Request for Modification of Performance Criteria (PC). Madagascar's implementation of its economic program supported by the ECF has remained strong. All quantitative PCs and indicative...

وصف كامل

التفاصيل البيبلوغرافية
مؤلف مشترك: International Monetary Fund. African Dept
التنسيق: دورية
اللغة:English
منشور في: Washington, D.C. : International Monetary Fund, 2017.
سلاسل:IMF Staff Country Reports; Country Report ; No. 2017/385
الوصول للمادة أونلاين:Full text available on IMF
LEADER 01862cas a2200241 a 4500
001 AALejournalIMF018140
008 230101c9999 xx r poo 0 0eng d
020 |c 5.00 USD 
020 |z 9781484333891 
022 |a 1934-7685 
040 |a BD-DhAAL  |c BD-DhAAL 
110 2 |a International Monetary Fund.  |b African Dept. 
245 1 0 |a Republic of Madagascar :   |b Second Review Under the Extended Credit Facility Arrangement and Request for Modification of Performance Criteria-Press Release; and Staff Report. 
264 1 |a Washington, D.C. :  |b International Monetary Fund,  |c 2017. 
300 |a 1 online resource (84 pages) 
490 1 |a IMF Staff Country Reports 
500 |a <strong>Off-Campus Access:</strong> No User ID or Password Required 
500 |a <strong>On-Campus Access:</strong> No User ID or Password Required 
506 |a Electronic access restricted to authorized BRAC University faculty, staff and students 
520 3 |a This paper discusses Madagascar's Second Review Under the Extended Credit Facility (ECF) Arrangement and Request for Modification of Performance Criteria (PC). Madagascar's implementation of its economic program supported by the ECF has remained strong. All quantitative PCs and indicative targets were met at end-June 2017, and the program's structural agenda is also advancing. The gradual economic recovery has continued, with solid growth and continued macroeconomic stability despite the drought and cyclone that affected Madagascar in early 2017. Fiscal performance has been roughly as planned, with strong revenue performance offsetting some unexpected spending pressures in 2017. 
538 |a Mode of access: Internet 
830 0 |a IMF Staff Country Reports; Country Report ;  |v No. 2017/385 
856 4 0 |z Full text available on IMF  |u http://elibrary.imf.org/view/journals/002/2017/385/002.2017.issue-385-en.xml  |z IMF e-Library